000 00302nam a2200121Ia 4500
008 191201s2013 xx 000 0 und d
100 _aSABHARWAL, Sangeeta
245 0 _aSoftware Engineering
250 _aRep
260 _c2013
_bNew Age International
_aNEW DELHI
300 _a381
942 _2ddc
_cBK
_015
999 _c7907
_d7907